| 000 | 00519cam a22002051 4500 | ||
|---|---|---|---|
| 001 | he 67001843 | ||
| 003 | DLC | ||
| 005 | 20260227111450.0 | ||
| 008 | 850501s1966 is 000 0 heb | ||
| 010 | _ahe 67001843 | ||
| 035 | _a(OCoLC)19204615 | ||
| 040 |
_aDLC _cMH _dCU _dDLC |
||
| 042 | _apremarc | ||
| 050 | 0 | 0 |
_aPJ5053.C38 _bB4 |
| 100 | 1 |
_aChamiel, Haim, _d1917- |
|
| 245 | 1 | 0 |
_aBe-nofe ha-yom : _bshirim. |
| 260 |
_a[Tel Aviv] : _bDukhan, _c[1966] |
||
| 300 |
_a161 p. ; _c22 cm. |
||
| 752 |
_aIsrael _dTel Aviv |
||
| 999 |
_c32658 _d32658 |
||